000 nam a22 a 4500
999 _c2705
_d2705
003 AKMAL
005 20170517153737.0
008 170517s200u my a e | 000 0 may d
015 _aM08-07278
020 _a9831975111 (kkt.)
039 9 _a201005120942
_bshuhada
_c201005111214
_dfaridah
_c200809041125
_danisatul
_c200809041124
_danisatul
040 _aAKMAL
_cAKMAL
049 _aklpmal
082 0 4 _a641.3 MAD
_222
090 0 0 _a641.3
_bMAD
090 2 0 _a641.3
_bWAD
100 1 _aWratsongko, Madyo
_95690
245 1 0 _aPenjagaan kesihatan di usia emas /
_cMadyo Wratsongko, Nor Faridah Sharuddin
260 _aKuala Lumpur :
_bSynergy Media,
_c[200?]
300 _a70ms. :
_bil. wrn. ;
_c26cm.
490 1 _aPengamalan gaya kehidupan sihat
520 _aSihat dan cergas pada usia tua dengan jus buah-buahan dan sayur-sayuran
650 1 0 _aAged
_xHealth and hygiene
_95691
650 2 0 _aAged
_xCare
_95692
700 1 _aNor Faridah Sharuddin
_95693
942 _2ddc
_cBOOK